000 00600nam a2200229Ia 4500
003 OSt
005 20220924152037.0
006 a|||||r|||| 00| 0
007 ta
008 220923b |||||||| |||| 00| 0 mar d
024 _a340531
037 _cTextual
040 _aARTS
_cARTS
_bmar
041 _2mar
_amar
082 _aO155,3N02,1, K7
100 _aShukal Sadashiv Anant
_9225652
245 0 _aAsatyachey prayog
260 _c1967
650 _aMARATHI LITERATURE
_938000
942 _hO155,3N02,1, K7
_cTEXL
_2CC
999 _c468492
_d468492